Test annual and buyer's guide : Photos and specifications of 128 new motorcycles

সংরক্ষণ করুন:
গ্রন্থ-পঞ্জীর বিবরন
বিন্যাস: গ্রন্থ
ভাষা:Undetermined
প্রকাশিত: Japan Harley Davidson Motor 1983
বিষয়গুলি:
ট্যাগগুলো: ট্যাগ যুক্ত করুন
কোনো ট্যাগ নেই, প্রথমজন হিসাবে ট্যাগ করুন!
Thư viện lưu trữ: Trung tâm Học liệu Trường Đại học Cần Thơ
LEADER 00537nam a2200181Ia 4500
001 CTU_99196
008 210402s9999 xx 000 0 und d
082 |a 629 
082 |b T342 
245 0 |a Test annual and buyer's guide : 
245 0 |b Photos and specifications of 128 new motorcycles 
260 |a Japan 
260 |b Harley Davidson Motor 
260 |c 1983 
650 |a Automobiles,Automobiles 
650 |x Periodicals,Testing,Periodicals 
904 |i Truc, Q. Hieu 
980 |a Trung tâm Học liệu Trường Đại học Cần Thơ